000 00673nam a2200217 a 4500
001 000030772
003 DO-SdBNP
005 20230526110954.0
007 ta
008 110527s2008 dr ac 000 0 spa d
040 _aDO-SdBNP
_bspa
_cBNPHU
049 _aBNPD
082 4 _bH673
_222
245 0 0 _aHistoria y cronología de una gestión.
246 0 0 _aFrutos de una gestión basada en moral y trabajo:
_brenace el IDECOOP
260 _aSanto Domingo :
_bIDECOOP,
_c2008.
300 _a67 p. :
_bil., retrs. ;
_c27 cm.
590 _aInventariado, 2022/BT
710 _aRepública Dominicana.
_bInstituto de Desarrollo y Crédito Cooperativo
_957333
942 _2ddc
_cLBS1
999 _c30264
_d30264